00933nam a2200265 i 4500001001000000003000900010005001700019007000300036008004100039020001500080040003000095100002800125245009800153264004900251300003100300336002700331337003400358338003200392490002400424500006300448500006200511700002800573710004400601740002200645000045596DO-SdBNP20241009140921.0ta150416s2006 dr 000 p spa d a9993462292 aDO-SdBNPbspacBNPHUerda1 aJavier, Adriáneautor10aDel verso a la fragua ;bMateo Morisson en persona y obra /cAdrián Javier, Mateo Morrison. aSanto Domingo :bUniversitaria, UASD,c2006. a60, 40 páginas ;c21 cm. 2rdacontentatextobtxt 2rdamedia asin mediaciónbn 2rdacarrier aavolumen bnc0 aEspacios culturales aDos obras encuadernadas juntas con paginación invertida. aIncluye datos biográficos de los autores en las solapas12aMorrison, Mateo,d1947-2 aUniversidad Autónoma de Santo Domingo32aDorothy Dandridge